[Event "83rd ESP-ch Women-ch 2018"]
[Site "Linares"]
[Date "2018.08.27"]
[Round "8"]
[White "Teran Alvarez, Ismael"]
[Black "Cruz Lledo, Pablo"]
[Result "1-0"]
[WhiteElo "2377"]
[BlackElo "2432"]
[Annotator "TA"]
[PlyCount "89"]
[EventDate "2018.08.09"]
[EventType "tourn"]
[EventCountry "ESP"]
[SourceTitle "playchess.com"]
[Source "ChessBase"]
[SourceQuality "1"]

{[%evp 16,89,48,42,71,78,89,87,110,88,133,147,141,102,104,105,172,175,169,171,195,185,264,273,323,267,251,192,290,269,350,353,411,391,435,413,527,450,450,431,450,450,450,450,450,450,1022,1020,974,950,1310,1292,2079,2104,1876,1881,2119,2126,2075,1636,2070,2062,2051,2043,1972,1892,1785,1789,2873,2735,29987,29988,29991,29992,29994,29995]} 1. e4 c6 2. d4 d5 3. e5 c5 4. dxc5 Nc6 5. Nf3 Bg4 6. c3 {B12: Caro-Kann: Advance Variation} e6 7. Be3 (7. b4 a6 8. Nbd2 Nxe5 9. Qa4+ Nd7 10. Ne5 Ngf6 11. c4 a5 12. Nb3 axb4 13. Qb5 Be7 {0-1 (53) Topalov,V (2760)-Nakamura,H (2779) London 2016 CBM 176 [Roiz,M]}) 7... Nge7 8. Nbd2 Nf5 9. Bd4 {LiveBook: 9 Games} Nfxd4 10. cxd4 Qa5 {[#] Threatens to win with ...Bxf3.} 11. Qb3 O-O-O 12. Qc3 (12. Bb5 {with more complications.} Be7 13. O-O g5 14. Bxc6 bxc6 15. Qe3) 12... f6 $146 ({Predecessor:} 12... Qxc3 13. bxc3 f6 {1-0 (41) Kanarek,M (2484)-Bruchmann,S (2309) Germany 2012}) 13. Qxa5 Nxa5 14. b4 {[%cal Bb2b4,Bb4b5][%mdl 32]} Nc6 15. b5 Nb8 (15... Nb4 $16 {was called for.} 16. Kd1 fxe5) 16. Bd3 $18 Nd7 17. Rc1 Be7 18. O-O $36 {[%mdl 2048] Black is under strong pressure.} g5 (18... Kc7 {was necessary.} 19. Rfe1 fxe5) 19. c6 Nf8 20. exf6 Bxf6 21. Rfe1 {aiming for Ne5.} Bh5 (21... Bxf3 $142 22. Nxf3 Rg8) 22. Ne5 Be8 23. Nb3 b6 24. a4 Kc7 25. a5 Kd6 26. axb6 axb6 27. Ra1 {[%cal Bc1a1,Ba1a6,Ba6a7][%mdl 32]} Rg8 28. Ra6 ({Resist} 28. Ra7 Rg7 $18) 28... Rb8 29. Rea1 ({Less strong is} 29. Ra7 Rg7 $18) 29... Ng6 30. Bxg6 Bxg6 (30... hxg6 $142 31. Rc1 Rg7) 31. Ra7 {[%csl Gc6,Ge5][%cal Ra7d7] [#]} Rbd8 32. Nd7 Bh8 33. Nxb6 {Nc8+! would kill now.} e5 34. Nc5 {Intending Nc8+! and mate.} exd4 35. Nb7+ Kc7 36. Nxd8+ Kxb6 37. Rb7+ Kc5 38. Rc1+ Kb4 39. c7 Bf5 40. Nc6+ Kb3 41. Ne7 Bc8 42. Rb8 Re8 43. Rxc8 {White mates.} Rxe7 44. Rxh8 d3 45. c8=Q {Precision: White = 97%, Black = 35%.} 1-0

[Event "83rd ESP-ch Women-ch 2018"]
[Site "Linares"]
[Date "2018.08.27"]
[Round "8"]
[White "Montero Melendez, Rafael"]
[Black "Lianes Garcia, Marcos"]
[Result "1/2-1/2"]
[WhiteElo "2367"]
[BlackElo "2340"]
[Annotator "TA"]
[PlyCount "65"]
[EventDate "2018.08.09"]
[EventType "tourn"]
[EventCountry "ESP"]
[SourceTitle "playchess.com"]
[Source "ChessBase"]
[SourceQuality "1"]

{[%evp 19,65,15,21,-2,11,10,6,-20,0,0,0,-13,-14,-27,18,15,12,0,0,7,7,0,0,0,0,0,4,2,8,8,3,0,22,0,0,0,0,0,0,0,0,-14,0,0,0,0,0,0]} 1. Nf3 c5 2. c4 Nc6 3. g3 g6 4. Bg2 Bg7 5. Nc3 d6 6. a3 e6 {A37: Symmetrical English vs ...g6: 4 Bg2 Bg7 5 Nf3} 7. b4 Nge7 8. Rb1 (8. O-O O-O 9. Bb2 cxb4 10. axb4 Nxb4 11. Qb3 Nec6 12. Nb5 Bxb2 13. Qxb2 a6 14. Nbd4 {0-1 (79) Eljanov,P (2707)-Jakovenko,D (2721) Palma de Mallorca 2017}) 8... b6 9. O-O O-O 10. e3 Bb7 {LiveBook: 44 Games} 11. Ne2 Rc8 12. Bb2 e5 13. Qb3 $146 ({Predecessor:} 13. Qa4 cxb4 14. axb4 e4 15. Ng5 Bxb2 16. Rxb2 Ne5 17. Nxe4 Bxe4 18. Bxe4 Rxc4 {0-1 (67) Walker,S (1951)-Sattarov,B (2063) Akhisar Manisa 2009}) 13... cxb4 14. axb4 a5 15. b5 Nb4 {Strongly threatening ...Be4.} 16. Ba3 d5 17. Bxb4 {The position is equal.} axb4 18. cxd5 Bxd5 19. Qxb4 Bc4 {[#] ...Nd5 is the strong threat.} 20. Rfe1 Nd5 21. Qa4 Bd3 22. Rbc1 {With the idea Nxe5!} Qd7 23. Nc3 Nxc3 24. Rxc3 Rxc3 25. dxc3 Bxb5 26. Qb4 Rc8 27. Rb1 Bd3 28. Rd1 Qb5 29. Qxb5 Bxb5 30. Rb1 Bd3 31. Rxb6 Rxc3 32. Rb8+ Bf8 33. h4 {Precision: White = 58%, Black = 74%.} 1/2-1/2

[Event "83rd ESP-ch Women-ch 2018"]
[Site "Linares"]
[Date "2018.08.27"]
[Round "8"]
[White "Ayats Llobera, Gerard"]
[Black "Tejedor Fuente, Enrique"]
[Result "0-1"]
[WhiteElo "2345"]
[BlackElo "2408"]
[Annotator "TA"]
[PlyCount "84"]
[EventDate "2018.08.09"]
[EventType "tourn"]
[EventCountry "ESP"]
[SourceTitle "playchess.com"]
[Source "ChessBase"]
[SourceQuality "1"]

{[%evp 17,84,27,25,-31,-5,-27,-15,-29,-27,-34,-27,-2,-21,-54,-49,-68,0,0,0,0,0,0,-10,-85,-60,-83,-77,-66,-52,-207,-134,-179,-175,-160,-166,-159,-162,-146,-61,-202,0,0,0,0,12,15,48,43,41,0,0,0,0,-10,-11,-59,-59,-80,-87,-753,-753,-746,-746,-720,-717,-717,-717,-717,-715]} 1. e4 e6 2. d4 d5 3. Nd2 Be7 4. Ngf3 Nf6 5. e5 Nfd7 6. Bd3 c5 7. c3 Nc6 8. O-O g5 9. dxc5 Nxc5 {LiveBook: 57 Games. C06: French Tarrasch: 3...Nf6 4 e5 Nfd7 5 Bd3 main lines} 10. Be2 $146 (10. Bb5 $11) ({Predecessor:} 10. Bb5 Nd7 11. Re1 a6 12. Bxc6 bxc6 13. Nb3 c5 14. c4 Bb7 15. cxd5 Bxd5 16. Be3 g4 17. Nfd2 {1-0 (111) Yudin,S (2546)-Nakamura,H (2775) Dubai 2014}) 10... g4 11. Ne1 Nxe5 {Black has an edge.} 12. Bxg4 Nxg4 13. Qxg4 b6 14. Nb3 h5 15. Qf4 Bd6 16. Qd4 e5 (16... f6 $15) 17. Qxd5 $11 Bb7 $36 {[%mdl 2048] White is under pressure.} 18. Qd1 Ne6 19. Be3 Qc7 20. Qe2 (20. a4 $11) 20... O-O-O $1 $17 21. a4 f5 $1 22. f3 e4 $1 23. f4 $2 (23. h3 $1 $15) 23... Bxf4 24. Bxf4 Nxf4 25. Qe3 (25. Qf2 $2 Nh3+ $1 {[%mdl 512]} 26. gxh3 Rdg8+ 27. Ng2 f4 $1 $19 {[%mdl 512]}) 25... Nd5 26. Qh3 Kb8 $1 27. Nd4 Bc8 ({Black should try} 27... Rdg8 $17 {Strongly threatening ...f4.} 28. a5 f4 29. axb6 axb6) 28. a5 {[#]} ({Better is} 28. Qg3 $1 $15 Qxg3 29. hxg3) 28... Rhf8 $2 ({And not} 28... bxa5 29. Qg3 $11) (28... h4 $1 $19 29. Nec2 f4) 29. axb6 $11 axb6 {[#]} 30. Ra7 $1 {[%mdl 512]} Qc5 ({Don't go for} 30... Nf4 $2 31. Rxf4 Bb7 32. Rxf5 $18) (30... Kxa7 31. Nb5+) 31. Rh7 f4 {[%cal Bf5f4,Bf4f3][%mdl 32]} 32. Qxh5 {Black must now prevent Qe5+.} Rd6 33. Rh8 (33. Rf7 $5 {[%cal Rf7f8]} Rg8 34. Qh4 $14) 33... Rxh8 $1 34. Qxh8 {[#]} f3 $1 {[%mdl 512]} 35. Qe5 (35. gxf3 Ne3) 35... Ne3 36. Qf4 Nxf1 37. b4 {[#]} Qd5 $1 {Hoping for ...e3.} 38. Nb5 $2 {[%mdl 8192] [#]} (38. Kxf1 $17 fxg2+ 39. Nxg2) 38... f2+ $1 $19 {Black is clearly winning.} 39. Kxf2 (39. Qxf2 Qxb5) 39... Qd2+ (39... Qxb5 $2 40. Qxd6+ Ka7 41. Qf4 $19) 40. Qxd2 Rf6+ 41. Ke2 Bg4+ ({Less strong is} 41... Nxd2 42. Kxd2 Ba6 43. Nd4 $15) 42. Nf3 Nxd2 {Precision: White = 42%, Black = 75%.} 0-1

[Event "83rd ESP-ch Women-ch 2018"]
[Site "Linares"]
[Date "2018.08.27"]
[Round "8"]
[White "Alvarez Fernandez, Enrique"]
[Black "Arizmendi Martinez, Julen Luis"]
[Result "0-1"]
[WhiteElo "2324"]
[BlackElo "2507"]
[Annotator "TA"]
[PlyCount "160"]
[EventDate "2018.08.09"]
[EventType "tourn"]
[EventCountry "ESP"]
[SourceTitle "playchess.com"]
[Source "ChessBase"]
[SourceQuality "1"]

{[%evp 12,160,-7,-6,-3,-45,-52,-36,-35,-45,-22,-25,0,0,0,0,12,5,0,4,7,-12,0,-16,-10,-21,-11,-12,-13,-31,-28,-41,-9,-18,-9,-7,-14,-25,-27,-42,-48,-42,-42,-50,-34,-65,-46,-61,-56,-180,-180,-180,-180,-179,-179,-179,-178,-176,-176,-182,-199,-185,-175,-177,-183,-195,-192,-233,-254,-246,-236,-240,-186,-235,-225,-235,-235,-233,-228,-239,-235,-296,-283,-406,0,-260,-269,-541,-160,-281,-218,-303,-292,-291,-279,-354,-279,-267,-159,-182,-177,-165,-167,-167,-108,-134,-72,-75,-81,-289,-289,-341,-306,-318,-261,-340,-189,-273,-278,-260,-226,-745,-745,-745,-745,-661,-514,-29975,-664,-625,-611,-518,-529,-29977,-29979,-29979,-29975,-29965,0,-29979,-29974,-29977,-29968,-12338,-29957,-6661,-1547,-1297,-1221,-29984,-29985]} 1. d4 d5 2. Nf3 Nf6 3. Bf4 c5 4. c3 Nc6 5. dxc5 e6 (5... a5 6. Na3 Nh5 7. Be3 e5 8. g3 Be7 9. Bg2 O-O 10. O-O Be6 11. Qa4 h6 12. Rad1 {0-1 (52) Demidov,M (2524)-Movsesian,S (2677) Pardubice 2017}) 6. b4 {[%cal Bb2b4,Bb4b5][%mdl 32] D02: 1 d4 d5 2 Nf3 sidelines, including 2...Nf6 3 g3 and 2...Nf6 3 Bf4} a5 7. b5 {LiveBook: 4 Games} Ne7 8. Nbd2 {The position is equal.} Ng6 9. Bg3 Bxc5 10. e3 a4 $146 ({Predecessor:} 10... O-O 11. Bd3 a4 12. Qc2 {0-1 (72) Ferry,R (2062)-Lambert,R (2138) Paris 2012}) 11. Bd3 Qa5 12. c4 dxc4 13. Bxc4 Ne4 14. O-O Nxg3 15. hxg3 O-O 16. Ne4 Rd8 17. Qe2 Be7 18. Rfd1 Bd7 19. Rd2 $1 Be8 20. Rad1 Rxd2 21. Rxd2 Qb4 22. Rb2 Qa3 23. Rc2 Rd8 24. Kh2 h6 25. Kg1 Qb4 {...Qb1+ is the strong threat.} 26. Rb2 Qa5 27. Kh2 Rc8 28. Kg1 a3 29. Rb3 Nf8 30. Ne5 (30. Rb1 $15) 30... Qc7 $1 $36 {[%cal Rc7e5][%mdl 2048] Black is in control.} 31. f4 Nd7 32. Bd3 Nxe5 33. Rc3 Qb8 34. Rxc8 Qxc8 35. fxe5 Qc7 36. Nd6 Bxd6 37. exd6 Qxd6 38. Kf2 Qc5 39. Qd2 b6 40. Qe2 g6 41. Bc4 Kg7 42. g4 Kf6 43. Qd3 Ke7 44. Qb3 Bd7 45. Be2 Qd6 46. Qa4 Kf6 47. Qa8 (47. Kg1 $142) 47... Ke7 48. Qa4 $1 e5 49. Qa7 $2 (49. Qe4) 49... Qc5 $2 (49... Kf6 $19 {is more deadly.} 50. Qb7 Be6) 50. Bd3 (50. Bf3 $17 {only move.}) 50... Ke6 51. Qa4 Kf6 52. Bc4 Kg7 ({Don't do} 52... Bxg4 53. Bxf7 $1 {[%mdl 512]} Kxf7 54. Qxg4 $17) 53. Qb3 Qe7 54. Kg3 Qg5 (54... e4 $19 55. Qc3+ f6) 55. Bxf7 $17 Bxg4 56. Kh2 Qh4+ 57. Kg1 Qe7 ({Black should try} 57... Qe1+ $19 58. Kh2 Bd1) 58. Bc4 h5 (58... Qd6 $142 59. Kh2 Kf6) 59. Qd3 Qc5 60. Kf2 $2 {[#]} (60. Kh2 $17) 60... Bf5 $1 $19 {[%cal Rf5d3]} 61. Qb3 h4 62. Qa4 Qd6 63. Qa7+ Bd7 (63... Kh6 $142 64. Qf7 Kg5) 64. Be2 (64. Kg1 $142) 64... Kh6 {aiming for ...Be6.} 65. Qa4 Kg5 66. g3 $2 (66. Qe4) 66... hxg3+ 67. Kxg3 e4+ $1 68. Kf2 Bf5 69. Qc2 (69. Ke1 $19 Be6 70. Qc2) 69... Bg4 (69... Qh2+ $142 70. Ke1 Bg4 71. Qd1 Qg3+ 72. Kd2 Qd6+ 73. Kc2 Qc5+ 74. Kb3 Qxe3+ 75. Kb4 Bxe2 76. Qd5+ Kh4 77. Qe5 Qd2+ 78. Kxa3 Qd3+ 79. Kb4 e3 80. Qh2+ Kg4 81. Qg1+ Kf5 82. Qc1 Qd2+ 83. Qc3 Ke4 84. a4 g5 85. a5 bxa5+ 86. Kc5 Qxc3+ 87. Kb6 Qf6+ 88. Kb7 Bxb5 89. Ka7 Qc6 90. Kb8 Ba6 91. Ka7 Qb7#) 70. Kg2 {intending Bxg4.} Bxe2 71. Qxe2 {[%mdl 4096] Endgame KQ-KQ} Qf6 72. Qc4 Qf3+ 73. Kh2 Qf2+ 74. Kh1 Qf3+ 75. Kh2 Qxe3 76. Qd5+ Kg4 77. Qe6+ Kf3 78. Qxg6 Ke2 (78... Qf4+ $142 79. Kh3 Qe5 80. Qg4+ Ke3 81. Qg1+ Ke2 82. Qg2+ Kd3) 79. Qd6 Qd2 80. Qxa3 Kf1+ {Precision: White = 41%, Black = 70%.} 0-1

[Event "83rd ESP-ch Women-ch 2018"]
[Site "Linares"]
[Date "2018.08.27"]
[Round "8"]
[White "Castellanos Gomez, Alejandro"]
[Black "Perez Perez, Gabriel"]
[Result "1/2-1/2"]
[WhiteElo "2320"]
[BlackElo "2058"]
[Annotator "TA"]
[PlyCount "119"]
[EventDate "2018.08.09"]
[EventType "tourn"]
[EventCountry "ESP"]
[SourceTitle "playchess.com"]
[Source "ChessBase"]
[SourceQuality "1"]

{[%evp 9,119,0,39,30,47,35,31,14,16,13,33,0,27,0,0,-15,-28,-30,-13,-22,-25,-48,0,-94,-78,-128,-135,-134,-133,-128,-130,-131,-100,-87,-108,-110,-87,-138,-137,-145,-135,-124,-120,-148,-154,-156,-108,-158,-149,-136,-110,-130,-78,-135,-19,-13,0,0,0,-20,-15,-121,0,-253,-249,-278,-41,-36,-48,-48,0,0,0,0,0,0,0,0,0,0,0,0,0,0,0,0,0,0,0,0,0,0,0,0,0,0,0,0,0,0,0,0,0,0,0,0,0,0,0,0,0,0]} 1. d4 g6 2. Nf3 Bg7 3. Nc3 d5 (3... d6 4. g3 Nf6 5. Bg2 O-O 6. O-O Nbd7 7. a4 a5 8. e4 e5 9. dxe5 dxe5 10. b3 c6 11. Qe2 Re8 12. Rd1 Qc7 13. Nb1 Nc5 14. Nbd2 Bg4 15. Bb2 Rad8 16. Qc4 b6 {½-½ (28) Bukal,V (2388)-Sale,S (2430) Mali Losinj 2018}) 4. Bf4 c6 5. e3 Bf5 6. Bd3 {A40: Verschiedene (seltene) Antworten auf 1.d4} Bxd3 7. Qxd3 Nf6 $146 ({Vorgänger:} 7... Nd7 8. O-O e6 9. e4 a6 10. exd5 cxd5 {½-½ (33) Remstedt,M (1470)-Retzlaff,W (1700) Pinneberg 2005}) 8. h4 {Weiß steht etwas besser.} Nbd7 9. Ne5 Qa5 10. Qd2 Rc8 11. Nd3 c5 12. dxc5 Nxc5 13. Nxc5 Rxc5 14. Be5 O-O 15. Rd1 Rfc8 16. a3 {[#]} (16. Bd4 $11 {bleibt in der Remisbreite.}) 16... Qa6 $1 $17 {Und ...Se4 würde nun gewinnen.} 17. Bd4 Ne4 18. Qd3 Nxc3 19. Qxa6 bxa6 20. bxc3 Ra5 21. Bxg7 Kxg7 {[%mdl 4096] Endspiel KTT-KTT} 22. Rd3 Rxa3 23. Rxd5 (23. Kd2 $142) 23... Raxc3 24. Ra5 Rxc2 25. O-O R8c6 26. Rfa1 Rc1+ 27. Rxc1 Rxc1+ {KT-KT} 28. Kh2 Rc6 29. Kg3 Kf6 30. Kf4 Ke6 ({Günstiger ist} 30... Rb6 31. Rc5 Ke6) 31. Kg5 {[#]} h5 ({Lieber} 31... f6+ $1 $17 32. Kf4 Kd7) 32. f3 $11 Kd6 {...Tc5+ ist eine echte Drohung.} 33. Kh6 $1 Kc7 34. g4 Kb6 35. Ra3 (35. Ra1 $11 {hält das Gleichgewicht.}) 35... Rc4 ({Besser ist} 35... hxg4 $17 36. fxg4 Rc4) 36. Kg5 $2 {[%mdl 8192]} (36. g5 $1 $11) 36... a5 $19 37. e4 hxg4 $2 (37... Kb5 $19 {Droht stark ...a4.} 38. gxh5 Rc5+ 39. Kh6 gxh5 40. Rb3+ Kc4) 38. fxg4 $15 Rxe4 39. h5 f6+ 40. Kxg6 {Die Stellung ist ausgeglichen.} Rxg4+ 41. Kf7 Rh4 42. Kg6 $1 a4 43. h6 Kb5 44. h7 e5 45. Rf3 a5 46. Rxf6 a3 47. Rf5 a2 48. Rxe5+ Kb4 {[#]} 49. Re4+ $1 {[%mdl 512]} Rxe4 50. h8=Q $11 {Schwarz muss nun Db2+ beachten. KD-KT} Kb3 51. Qa1 Re2 52. Qd1+ Rc2 53. Qd3+ Kb2 54. Qb5+ Kc1 55. Qxa5 Kb1 56. Qb4+ Kc1 57. Qa3+ Kb1 58. Qb3+ Kc1 59. Qa3+ Kb1 60. Qb3+ {Precision: Weiß = 58%, Schwarz = 44%.} 1/2-1/2

[Event "83rd ESP-ch Women-ch 2018"]
[Site "Linares"]
[Date "2018.08.27"]
[Round "8"]
[White "Sole Pijuan, Ferran"]
[Black "Silva Rodriguez, Fernando"]
[Result "1-0"]
[WhiteElo "2320"]
[BlackElo "2239"]
[Annotator "TA"]
[PlyCount "59"]
[EventDate "2018.08.09"]
[EventType "tourn"]
[EventCountry "ESP"]
[SourceTitle "playchess.com"]
[Source "ChessBase"]
[SourceQuality "1"]

{[%evp 25,59,13,14,15,24,0,0,0,29,19,22,17,22,27,35,10,16,10,10,-30,85,52,64,64,112,111,139,137,404,379,804,783,29991,29992,29998,29984]} 1. d4 d5 2. c4 e6 3. Nc3 Nf6 4. cxd5 exd5 5. Bg5 c6 6. Qc2 Be7 7. e3 Nbd7 8. Bd3 h6 9. Bh4 Nh5 10. Bxe7 Qxe7 11. Nge2 Nb6 12. O-O {D36: Queen's Gambit Declined: Exchange Variation: Main line (5 Bg5 c6 6 Qc2)} O-O 13. Rab1 (13. Rae1 Be6 14. Nc1 Rad8 15. Nb3 Rfe8 16. Nc5 Bc8 17. b4 Nc4 18. Qe2 Qg5 19. f4 Qh4 20. Bxc4 dxc4 {0-1 (37) Navara,D (2724)-Adams,M (2740) Biel 2015 CBM 168 [Krasenkow,M]}) 13... a5 {LiveBook: 6 Games} 14. Rbe1 {The position is equal.} Bd7 {[#]} 15. Ng3 $146 (15. Kh1 {with more complications.} Nf6 16. Ng1 Rac8 17. Nf3 c5 18. Kg1) ({Predecessor:} 15. Kh1 Rfe8 16. Ng1 Nf6 {½-½ (27) Delchev,A (2585)-Kozhuharov,S (2444) Plovdiv 2017}) 15... Nxg3 16. hxg3 f5 17. Nb1 {[%cal Bc3b1,Bb1d2,Bd2f3,Bf3e5][%mdl 32]} Nc8 {[%cal Bb6c8,Bc8d6,Bd6f7][%mdl 32]} 18. Nd2 Nd6 19. Nf3 Rf6 20. Ne5 Nf7 21. f4 Nd6 22. g4 g6 (22... fxg4 $11 {remains equal.} 23. Bh7+ Kh8) 23. g3 Kg7 24. Re2 {[%cal Be1e2,Be2h2,Bh2h6][%mdl 32]} Qe8 25. g5 $36 {[%mdl 2048] White is really pushing.} hxg5 {[#]} 26. Rh2 $1 {Threatens to win with Kg2.} ({Of course not} 26. fxg5 $6 Re6 $11) 26... Qe6 $2 {[%mdl 8192]} (26... Qe7 $16) 27. fxg5 $18 Rff8 $2 (27... Rf7 28. Rh6 Rh8 29. Rxg6+ (29. Nxf7 Nxf7 30. Rxh8 Kxh8 $16) 29... Qxg6) 28. Rh6 Be8 29. Qh2 Qg8 30. Rf4 {Precision: White = 55%, Black = 17%.} 1-0

[Event "83rd ESP-ch Women-ch 2018"]
[Site "Linares"]
[Date "2018.08.27"]
[Round "8"]
[White "Serarols Mabras, Bernat"]
[Black "Huerga Leache, Mikel"]
[Result "1-0"]
[WhiteElo "2313"]
[BlackElo "2451"]
[Annotator "TA"]
[PlyCount "105"]
[EventDate "2018.08.09"]
[EventType "tourn"]
[EventCountry "ESP"]
[SourceTitle "playchess.com"]
[Source "ChessBase"]
[SourceQuality "1"]

{[%evp 22,105,3,28,72,68,68,0,45,14,37,28,31,24,28,35,59,38,62,15,10,20,30,36,35,0,27,0,21,-26,-24,-24,-26,-54,-37,-31,-22,-89,-88,-68,-22,-59,-35,-66,-8,-84,-67,-90,-99,-169,-110,-268,-252,-201,-37,-32,132,122,206,212,207,187,262,200,193,179,180,147,129,143,196,207,217,217,472,0,797,798,786,763,763,722,683,661,6379,6379]} 1. d4 Nf6 2. c4 e6 3. g3 c5 4. d5 exd5 5. cxd5 d6 6. Nc3 g6 7. Bg2 Bg7 8. Nf3 O-O 9. O-O Re8 10. Bf4 Bf5 {A62: Modern Benoni: Fianchetto Variation without early ...Nbd7} 11. Nh4 (11. Bg5 h6 12. Bxf6 Bxf6 13. Nd2 Bc8 14. Nc4 Bxc3 15. bxc3 b5 16. Nd2 Nd7 17. Re1 a5 18. Qc2 {½-½ (29) Tomashevsky,E (2702)-Svidler,P (2763) Palma de Mallorca 2017}) 11... Bg4 12. Qd2 {LiveBook: 3 Games} Nh5 {White has an edge.} 13. Bg5 $1 {[%cal Rg5d8]} Qd7 $146 ({Predecessor:} 13... Bf6 14. Bxf6 Qxf6 15. h3 Bd7 16. b4 g5 17. Ne4 Rxe4 18. Bxe4 gxh4 {0-1 (42) Ozturk,K (2364)-Gaponenko,I (2433) Heraklio 2017}) 14. a4 (14. f3 $14 Bh3 15. e4) 14... Bh3 (14... Bxc3 $5 15. Qxc3 Bxe2 $11) 15. Bh6 Bf6 16. Nf3 Na6 17. Rfe1 Bxg2 18. Kxg2 Re7 19. h3 Bg7 20. Bg5 f6 21. Bh6 Nb4 22. Bxg7 Nxg7 23. Rac1 Rae8 24. Qf4 Nh5 {[%cal Bg7h5,Bh5f6,Bf6e4][%mdl 32]} 25. Qd2 f5 26. Red1 Nf6 27. e3 Ne4 28. Qe2 Rf7 29. b3 (29. Nd2 $11) 29... Qe7 $36 {[%mdl 2048] Black is in control.} 30. Na2 Na6 31. Rc4 h6 32. h4 Qf6 ({Black should try} 32... Nc7 $15) 33. Qc2 (33. Nd2 $1 $11 {keeps the balance.}) 33... g5 34. hxg5 hxg5 35. Nd2 (35. Rh1 $17) 35... Nc7 (35... Rh7 $1 $19 36. Rg1 Qh8) 36. Nxe4 $2 (36. Nc3 $17) 36... fxe4 $19 (36... Rxe4 37. Nc3 $15) 37. Qe2 Ref8 $2 (37... Rh7 $1 $19 38. Nc3 Qh8) 38. Nc3 $15 Qh6 $2 (38... Qxf2+ $15 {keeps the upper hand.} 39. Qxf2 Rxf2+ 40. Kh3 Rd8) 39. Nxe4 $16 Rh7 (39... Qg6 $16) 40. Qg4 $18 Kh8 {[#]} 41. Rcc1 $1 Qh2+ 42. Kf1 {[%cal Bg2f1,Bf1e2,Be2d3][%mdl 32]} Nxd5 43. Ke2 Nf6 44. Qf5 Qh5+ 45. Kd3 Qf7 (45... Nd7 $16 {was necessary.} 46. Qxh7+ (46. Qxg5 Qf3 $16) 46... Kxh7) 46. Nxg5 Qxb3+ 47. Ke2 Rh5 $2 (47... Rh2 {is a better defense.} 48. Ne6 Rxf2+ 49. Qxf2 (49. Kxf2 $2 {perishes.} Ng4+ 50. Kf3 Rxf5+ $19) 49... Qa2+ 50. Rd2 Qxd2+ 51. Kxd2 Ne4+ 52. Ke1 (52. Kd3 Nxf2+ 53. Ke2 Rf6 $17) 52... Rxf2) 48. Qg6 $2 ({White must play} 48. Rxd6 $18 b6 49. g4 Qb2+ 50. Rc2 Rxg5 51. Rxb2 Rxf5 52. gxf5) 48... Rh2 $2 {[%mdl 8192]} (48... Qxa4 $11 49. Nf7+ {[#]} Rxf7 $1 {[%mdl 512]} 50. Qxf7 Qg4+ 51. Kd2 Ne4+ 52. Kc2 Qe2+ 53. Kb1 Nc3+ 54. Ka1 Nxd1 55. Qf6+ Kh7 56. Qf7+ Kh8 57. Qf6+ Kh7 58. Qf7+ Kh8) 49. Rh1 {White is clearly winning.} Qa2+ 50. Rc2 Qxc2+ 51. Qxc2 Rxh1 52. Qg6 d5 53. Ne6 {Precision: White = 42%, Black = 27%.} 1-0

[Event "83rd ESP-ch Women-ch 2018"]
[Site "Linares"]
[Date "2018.08.27"]
[Round "8"]
[White "Calzetta Ruiz, Monica"]
[Black "Diaz Castro, Ismael"]
[Result "0-1"]
[WhiteElo "2302"]
[BlackElo "2212"]
[Annotator "TA"]
[PlyCount "94"]
[EventDate "2018.08.09"]
[EventType "tourn"]
[EventCountry "ESP"]
[SourceTitle "playchess.com"]
[Source "ChessBase"]
[SourceQuality "1"]

{[%evp 12,94,18,6,23,18,22,0,0,-20,-6,-7,-11,-13,-21,-78,-83,-92,-93,-86,-89,-209,-221,-214,-218,-206,-83,-83,-101,-77,-66,-75,0,-6,-19,-30,-29,-63,405,410,397,407,419,-194,-191,-283,-273,-275,-283,-289,-287,-253,-196,-189,-181,-181,-182,-225,-182,-244,-251,-270,-181,-189,-174,-747,-639,-756,-756,-750,-742,-672,-687,-869,-838,-803,-794,-1409,-1206,-29984,-29985,-29979,-29972,-29970,-29963]} 1. e4 e5 2. Nf3 Nc6 3. Bb5 Bc5 4. O-O Nf6 5. d3 d6 6. c3 O-O 7. Nbd2 {LiveBook: 352 Games} a5 {C65: Ruy Lopez: Berlin Defence (3...Nf6), unusual lines and 4 0-0 Bc5} 8. h3 Ba7 $146 ({Predecessor:} 8... Bd7 9. Re1 a4 10. Nf1 Ne7 11. Bxd7 Nxd7 12. d4 Bb6 13. Ng3 Re8 14. Bg5 Nf8 15. Be3 exd4 16. Bxd4 Bxd4 17. Nxd4 {0-1 (59) Grischuk,A (2766)-Kramnik,V (2792) Paris 2018}) 9. Bxc6 bxc6 {The position is equal.} 10. Nc4 a4 11. Bg5 h6 12. Bh4 g5 13. Nxg5 (13. Bg3 $11 {remains equal.}) 13... hxg5 $17 14. Bxg5 Kg7 15. Qf3 Kg6 16. h4 (16. Bh4 $17) 16... Bg4 $1 $19 {[%cal Rg4f3]} 17. Qg3 ({Reject} 17. Bxf6 Qd7) 17... Qd7 18. Ne3 {[#] Black must now prevent Bxf6.} Bxe3 (18... Rg8 $1 $19 {and Black stays clearly on top.} 19. Rae1 Be6) 19. Qxe3 $17 Nh5 20. f3 Be6 {Hoping for ...f6.} 21. g4 $1 {[%cal Rg4h5]} Ng7 (21... Kh7 $17) 22. Bf6 $1 $132 {[%mdl 2048] White threatens Qg5+ and mate. White is fighting back} Rg8 23. Qg5+ Kh7 24. Kh1 Nf5 $2 {[%mdl 8192]} (24... Qc8 $15 {keeps the upper hand.}) 25. gxf5 $18 {[%cal Rg5h5]} ({Weaker is} 25. Qh5+ Nh6 $11) 25... Rxg5 26. hxg5 {Kg2 would kill now.} Bxf5 {[#] ...Bh3 is the strong threat.} 27. exf5 $4 {[%mdl 8192]} (27. Kg2 $1 $18 {was the only winning move.} Bh3+ 28. Kg3) 27... Qxf5 $19 28. Rad1 (28. Kg2 $142 Qxd3 29. Rf2) 28... Qh3+ 29. Kg1 Qg3+ 30. Kh1 Kg6 31. Rd2 a3 {Threatens to win with ...Qf4.} 32. b3 Ra5 33. c4 Ra8 34. Re2 Re8 35. Rh2 (35. Rg2 {might work better.} Qf4 36. Re2) 35... Kf5 36. Rg2 Qh3+ 37. Kg1 Ke6 38. f4 $2 (38. Kf2) 38... Qe3+ 39. Rff2 exf4 40. Rg4 Kf5 41. Rgxf4+ Qxf4 42. Rxf4+ Kxf4 {KR-KB} 43. Kf2 Re3 44. Bd8 Rxd3 45. Bxc7 Rd2+ {Black mates.} 46. Ke1 Rxa2 47. Bxd6+ Kxg5 {Precision: White = 39%, Black = 63%.} 0-1